000
00247nam a22000977a 4500
082
_a
808 GRE'A
245
_a
GREAT BOOKS FOUNDATIONS SEXTUS EMPIRICUS OUTLINES OF PYRRBONISM
260
_a
CHICAGO
_b
HENRY REGNERY
_c
1949
300
_a
65P
942
_c
BK
999
_c
570294
_d
570294